1696 1376 1238 1035 1292 1768 1357 1167 1841 1294 1538 1499 1132 1776 1212 1475 1379 1471 1716 1757 1682 1395 1687 1639 1941 1918 1265 1231 1589 1560 1415 1710 1887 1411 1687 1610 1692 1407 1568 1906 1978 1989 1239 1640 1226 1629 1236 1436 1520 1725 1014 1575 1340 1084 1027 1417 1813 1248 1624 1881 1088 1492 1849 1446 1776 1575 1506 1496 1132 1754 1570 1164 1575 1436 1301 1049 1826 1713 1471 1043 1330 1036 1769 1682 1112 1060 1607 1066 1639 1381 1819 1328 1974 1318 1200 1690 1981 1367 1258 BCNSPRNW ULIB Ver.6.0+V

เปลี่ยนเป็นภาษาไทย

Change to English
 แสดงรายละเอียดบรรณานุกรม
  กลับหน้าหลัก

Brief Record : Get Marc (ISO 2709) : E-mail record : QR code < ปิดหน้าต่าง
LEADER : 00000nam 2200000uu 4500
001    13399110442
003     ULIB
008    110530s2008||||th 000 0 eng d
020    9780323046244
060 04 WY100^bE93 2008
245 00 Evidence-based nursing care guidelines :^bmedical-surgicalinterventions /^cBetty J. Ackley ... [et al.]
260    St. Louis :^bMosby Elsevier,^c2008
300    xxvii, 980 p. :^bill. ;^c23 cm.
650  2 Evidence - Based Nursing
650  2 Nursing
650  2 Nursing Care
700 1  Ackley, Betty J.
945    ^p0^l0^i030100
995    Tossapron
999 ^a ใช้งานได้ทุกระบบ
รายการนี้ยังไม่มีแท็ก
คุณยังไม่ได้ล็อกอิน คุณสามารถมีกิจกรรมร่วมกับเว็บไซต์ได้ แต่ต้องล็อกอินก่อน ::
  ล็อกอิน

รายการสื่อสารสนเทศ

ลำดับที่ ประเภท เลขเรียก/บาร์โค้ด สถานที่ สถานะ
- ไม่พบข้อมูล -

รายการใกล้เคียง
    หัวเรื่อง [Nursing]
    หัวเรื่อง [Nursing Care]

BibComment


ยังไม่เคยถูกคอมเมนท์

คอมเมนท์ทรัพยากรรายการนี้
  คอมเมนท์: Evidencebased nur..


 Copyright 2026. Bcnsprnw @Library